Valtiot, joissa on villejä pingviinejä - Statistics

Yleistilastot
  • Tätä visaa on pelattu 1 846 kertaa
  • Keskiarvotulos 8 / 13
Vastaustilastot
Lajeja Valtio % Oikein
10 Chile
92%
7 Argentiina
91%
11 Australia
91%
7 Uusi-Seelanti
88%
4 Etelä-Afrikka
86%
4 Brasilia
70%
3 Uruguay
62%
2 Peru
61%
2 Namibia
48%
2 Ecuador
45%
1 Mosambik
40%
5 Yhdistynyt kuningaskunta (Falklandinsaaret)
36%
1 Angola
35%
Ehtoja vastaavia visoja ei löytynyt
Tulosjakauma
Jokaisen tuloksen saaneiden osuus
Persentiili vastausten määrän mukaan
Tuloshistoriasi
Et ole pelannut tätä visaa